LEADER 03773oam 2200685I 450 001 9910462191903321 005 20200520144314.0 010 $a0-7890-2080-7 010 $a1-283-70969-4 010 $a0-203-04972-1 010 $a1-136-41120-8 024 7 $a10.4324/9780203049723 035 $a(CKB)2670000000269249 035 $a(EBL)1046848 035 $a(OCoLC)817887396 035 $a(SSID)ssj0000755478 035 $a(PQKBManifestationID)11496251 035 $a(PQKBTitleCode)TC0000755478 035 $a(PQKBWorkID)10729878 035 $a(PQKB)10754591 035 $a(MiAaPQ)EBC1046848 035 $a(Au-PeEL)EBL1046848 035 $a(CaPaEBR)ebr10619018 035 $a(CaONFJC)MIL402219 035 $a(OCoLC)817224969 035 $a(EXLCZ)992670000000269249 100 $a20180706d2002 uy 0 101 0 $aeng 135 $aur|n|---||||| 181 $ctxt 182 $cc 183 $acr 200 00$aDevolution and aging policy /$fFrancis G. Caro, Robert Morris, editors 210 1$aNew York :$cHaworth Press,$d2002. 215 $a1 online resource (287 p.) 300 $a"Devolution and aging policy has been co-published simultaneously as Journal of aging & social policy, volume 14, numbers 3/4 2002." 311 $a0-7890-2081-5 320 $aIncludes bibliographical references and index. 327 $a""Cover""; ""Devolution and Aging Policy""; ""Copyright""; ""CONTENTS""; ""INTRODUCTION""; ""Devolution and Aging Policy""; ""IMPLEMENTATION OF ESTABLISHED FEDERAL-STATE PROGRAMS""; ""State Discretion and Medicaid Program Variation in Long-Term Care: When Is Enough, Enough?""; ""Devolution of Employment and Training Policy: The Case of Older Workers""; ""Volunteerism and Social Capital in Policy Implementation: Evidence from the Long-Term Care Ombudsman Program""; ""INNOVATION WITHIN ESTABLISHED FEDERAL-STATE PROGRAMS"" 327 $a""Partnership Insurance: An Innovation to Meet Long-Term Care Financing Needs in an Era of Federal Minimalism""""Implementation Issues Consumer-Directed Programs: Comparing Views of Policy Experts, Consumers, and Representatives""; ""A FEDERAL DEMONSTRATION TO STIMULATE SERVICE DEVELOPMENT WITHIN STATES""; ""Weighing the Success of a National Alzheimera???s Disease Service Demonstration""; ""PUBLIC SECTOR, STATE, AND LOCAL INITIATIVES""; ""Strengthening Senior Tax Credit Programs in Massachusetts"" 327 $a""Assessing State Efforts to Meet Baby Boomersa??? Long-Term Care Needs: A Case Study in Compensatory Federalism""""Naturally Occurring Retirement Community-Supportive Service Program: An Example of Devolution""; ""Information Technology Issues in an Era of Greater State Responsibilities: Policy Concerns for Seniors""; ""PRIVATE SECTOR INITIATIVES""; ""A Consumer Cooperative Association Specializing in Services for the Elderly""; ""Kaiser Permanentea???s Manifesto 2005 Demonstration: The Promises and Limits of Devolution""; ""Age Concerns: Innovation Through Care Management""; ""Index"" 606 $aOlder people$xGovernment policy$zUnited States 606 $aOlder people$xServices for$zUnited States 606 $aDecentralization in government$zUnited States 606 $aPrivatization$zUnited States 608 $aElectronic books. 615 0$aOlder people$xGovernment policy 615 0$aOlder people$xServices for 615 0$aDecentralization in government 615 0$aPrivatization 676 $a362.6/0973 701 $aCaro$b Francis G.$f1936-$0896702 701 $aMorris$b Robert$f1910-2005.$032879 801 0$bMiAaPQ 801 1$bMiAaPQ 801 2$bMiAaPQ 906 $aBOOK 912 $a9910462191903321 996 $aDevolution and aging policy$92003274 997 $aUNINA LEADER 02740nam 2200553Ia 450 001 9910438018303321 005 20200520144314.0 010 $a88-470-2787-X 024 7 $a10.1007/978-88-470-2787-9 035 $a(CKB)2670000000403831 035 $a(EBL)1106438 035 $a(OCoLC)853360237 035 $a(SSID)ssj0000917703 035 $a(PQKBManifestationID)11545357 035 $a(PQKBTitleCode)TC0000917703 035 $a(PQKBWorkID)10892982 035 $a(PQKB)10396559 035 $a(DE-He213)978-88-470-2787-9 035 $a(MiAaPQ)EBC1106438 035 $a(PPN)172432596 035 $a(EXLCZ)992670000000403831 100 $a20121017d2013 uy 0 101 0 $aeng 135 $aur|n|---||||| 181 $ctxt 182 $cc 183 $acr 200 00$aAtlas of male genital disorders $ea useful aid for clinical diagnosis /$fGiuseppe Micali ... [et al.] 205 $a1st ed. 2013. 210 $aMilan $cSpringer$dc2013 215 $a1 online resource (182 p.) 300 $aDescription based upon print version of record. 311 $a88-470-2786-1 320 $aIncludes bibliographical references. 327 $aAnatomy of Male Genitalia -- Infections -- Infestations -- Sexually Transmitted Diseases -- Inflammatory Disorders -- Pigmentation Disorders -- Benign Neoplastic Disorders -- Malignant Neoplastic Disorders -- Dysembrioplastic Disorders -- Miscellaneous Disorders. 330 $aMale genital disorders represent a common issue in medical practice, especially in the dermatological setting. Correct clinical evaluation of these disorders is essential when addressing the diagnosis, which in some cases may require histopathological confirmation.  Depending on the disease, early diagnosis may be not only lifesaving, but also of fundamental importance to the planning of successful treatment. This atlas introduces the most common penile diseases, along with more rarely encountered ones. It provides invaluable guidance on clinical diagnosis by highlighting prominent clinical features and presenting particular videodermatoscopy findings when these are indicative of the diagnosis. In addition, for each condition the most appropriate treatment is proposed, taking into account recent therapeutic advances of proven benefit. 606 $aGenitourinary organs$xDiseases$vAtlases 606 $aGenerative organs$xDiseases 615 0$aGenitourinary organs$xDiseases 615 0$aGenerative organs$xDiseases. 676 $a616.6/5 701 $aMicali$b Giuseppe$0200950 801 0$bMiAaPQ 801 1$bMiAaPQ 801 2$bMiAaPQ 906 $aBOOK 912 $a9910438018303321 996 $aAtlas of male genital disorders$94186905 997 $aUNINA